| 000 | 00551nam a22001937a 4500 | ||
|---|---|---|---|
| 003 | OSt | ||
| 005 | 20140310182137.0 | ||
| 008 | 130829t xxu||||| |||| 00| 0 eng d | ||
| 020 | _a978184696-7092 | ||
| 050 |
_aVK 1259 _b.R55 2008 |
||
| 082 |
_aHS 910.452 _bR55 2008 |
||
| 100 |
_aRidley, Frances _915049 |
||
| 245 |
_aLost at sea / _cFrances Ridley |
||
| 260 |
_aGreat Britain : _bTicktock, _cc2008. |
||
| 300 |
_a32 p. : _bill. ; _c25 cm. |
||
| 650 |
_aSurvival _xShipwreck _xJuvenile literature _916097 |
||
| 942 |
_2lcc _cHS |
||
| 999 |
_c9786 _d9786 |
||